(re) HABITAR (Record no. 1896)

MARC details
000 -LEADER
campo de control de longitud fija 01234nam a2200157 4500
008 - DATOS DE LONGITUD FIJA--INFORMACIÓN GENERAL
campo de control de longitud fija 720.71 R345r
020 ## - NÚMERO INTERNACIONAL ESTÁNDAR DEL LIBRO
Número Internacional Estándar del Libro 9789930541516
082 ## - NÚMERO DE LA CLASIFICACIÓN DECIMAL DEWEY
Número de clasificación 720.71
Número de ítem R345r
100 ## - ENTRADA PRINCIPAL--NOMBRE DE PERSONA
Nombre de persona TEOR/éTica
9 (RLIN) 6029
245 ## - MENCIÓN DEL TÍTULO
Título (re) HABITAR
260 ## - PUBLICACIÓN, DISTRIBUCIÓN, ETC.
Lugar de publicación, distribución, etc. Cartago
Nombre del editor, distribuidor, etc. Instituto Tecnológico de Costa Rica
Fecha de publicación, distribución, etc. 2019
300 ## - DESCRIPCIÓN FÍSICA
Extensión 200 p.
Otras características físicas il.
Dimensiones 25,5 x 20 cm
505 ## - NOTA DE CONTENIDO CON FORMATO
Título Introducción. El edificio, la vida doméstica (Registro visual desarrollado a lo largo de toda la publicación)
Mención de responsabilidad Marco Gamboa
Título I. Interior doméstico
Mención de responsabilidad Taller Habitar
Título II. Arquitectura de la ciudad
-- Contra la homogeneización: Barrios Amón y Otoya como zona de significación cultural
-- III. Cohabitar
-- Narrativa Proceso
Mención de responsabilidad ¡UPE!, TEOR/éTica
Título De lo que nos cuesta hablar
Mención de responsabilidad ¡UPE!, TEOR/éTica
Título ¿Cómo se convive con el comercio sexual en Barrio Amón? Parte 2
Mención de responsabilidad Conversación con Natalia Porras
Título ¿Cómo ser parte de la ciudad, si nunca hemos sido parte de ella?
Mención de responsabilidad Luis Herra
Título Ciudades Hospitalarias
Mención de responsabilidad Luis Durán
Título IV. Espacio
-- La felicidad es social
Mención de responsabilidad Carolina Hernández
Título Créditos y Agradecimientos
650 ## - PUNTO DE ACCESO ADICIONAL DE MATERIA--TÉRMINO DE MATERIA
Subdivisión general arquitectura
-- espacio común
-- Barrio
-- cohabitación
-- Amón, Bariio
-- Otoya, Barrio
-- comercio sexual
-- arquitectura - sociedad
9 (RLIN) 7297
700 ## - ENTRADA AGREGADA--NOMBRE PERSONAL
Nombre de persona Semillas: Arquitectura en comunidad
9 (RLIN) 7298
Holdings
Estatus retirado Estado de pérdida Fuente del sistema de clasificación o colocación Estado de daño No para préstamo Biblioteca de origen Biblioteca actual Ubicación en estantería Fecha de adquisición Total de préstamos Signatura topográfica completa Código de barras Visto por última vez Precio de reemplazo Tipo de ítem Koha Nota pública
    Clasificación Decimal Dewey     Biblioteca LadoV Biblioteca LadoV   04/03/2020   720.71 R345r 003718 04/03/2020 04/03/2020 Material 01 Incluye desplegable adjunto al libro
    Clasificación Decimal Dewey     Biblioteca LadoV Biblioteca LadoV   04/03/2020   720.71 R345r 002407 04/03/2020 04/03/2020 Material 01 Incluye un desplegable adjunto al libro